<?xml version="1.0" encoding="UTF-8"?><?xml-stylesheet type="text/xsl" href="static/style.xsl"?><OAI-PMH xmlns="http://www.openarchives.org/OAI/2.0/" xmlns:xsi="http://www.w3.org/2001/XMLSchema-instance" xsi:schemaLocation="http://www.openarchives.org/OAI/2.0/ http://www.openarchives.org/OAI/2.0/OAI-PMH.xsd"><responseDate>2026-04-26T20:26:58Z</responseDate><request verb="GetRecord" identifier="oai:uvadoc.uva.es:10324/32071" metadataPrefix="marc">https://uvadoc.uva.es/oai/request</request><GetRecord><record><header><identifier>oai:uvadoc.uva.es:10324/32071</identifier><datestamp>2021-06-29T22:38:25Z</datestamp><setSpec>com_10324_38</setSpec><setSpec>col_10324_852</setSpec></header><metadata><record xmlns="http://www.loc.gov/MARC21/slim" xmlns:doc="http://www.lyncode.com/xoai" xmlns:xsi="http://www.w3.org/2001/XMLSchema-instance" xmlns:dcterms="http://purl.org/dc/terms/" xsi:schemaLocation="http://www.loc.gov/MARC21/slim http://www.loc.gov/standards/marcxml/schema/MARC21slim.xsd">
<leader>00925njm 22002777a 4500</leader>
<datafield tag="042" ind1=" " ind2=" ">
<subfield code="a">dc</subfield>
</datafield>
<datafield tag="720" ind1=" " ind2=" ">
<subfield code="a">Sanz López, Beatriz</subfield>
<subfield code="e">author</subfield>
</datafield>
<datafield tag="260" ind1=" " ind2=" ">
<subfield code="c">2018</subfield>
</datafield>
<datafield tag="520" ind1=" " ind2=" ">
<subfield code="a">En este trabajo se han analizado 48 muestras de piensos comercializados en España por varios fabricantes, y destinados a las diferentes etapas de crecimiento de las aves ponedoras. Se han investigado macronutrientes como proteína (método Kjeldahl), grasa (método Soxhlet) y contenido mineral total (cenizas por gravimetría), micronutrientes (Al, Ca, Co, Cu, Fe, K, Na, Mg, Mn, P, Se y Zn) y elementos tóxicos (As, Cd, Pb, Sn). Los contenidos de metales se han determinado por ICP-OES e ICP-MS. Los resultados experimentales se han analizado mediante herramientas estadísticas univariantes y multivariantes para encontrar relaciones y asociaciones entre los macronutrientes, y similitudes y diferencias entre los productos comercializados por distintos fabricantes.</subfield>
</datafield>
<datafield tag="024" ind2=" " ind1="8">
<subfield code="a">http://uvadoc.uva.es/handle/10324/32071</subfield>
</datafield>
<datafield tag="245" ind1="0" ind2="0">
<subfield code="a">Caracterización y clasificación composicional de piensos para gallinas ponedoras por técnicas quimiométricas</subfield>
</datafield>
</record></metadata></record></GetRecord></OAI-PMH>